| 000 | 00887nam a2200229 a 4500 | ||
|---|---|---|---|
| 005 | 20240706063634.0 | ||
| 008 | 991125s1966 ea 000 0 eng u | ||
| 035 | _aUPN01000000939 | ||
| 049 | _aF | ||
| 050 | 4 |
_aLC3969 _bM3.3 |
|
| 100 | 1 |
_aMackintosh, Helen Katherine, _d1897-1980 _943082 |
|
| 245 | 1 | 0 |
_aAdministration of elementary school programs for disadvantage children / _cby Helen K. Mackintosh, Lillian Gore and Gertrude M. Lewis. |
| 260 |
_aWashington : _bDepartment of Health Education and Welfare, Office of Education, _c1966. |
||
| 300 | _a42 p. | ||
| 440 | 0 |
_aDisadvantaged children series ; _v4 |
|
| 500 | _a"OE-35082" | ||
| 650 | 4 |
_aEDUCACION ESPECIAL - _vPLANES Y PROGRAMAS _99477 |
|
| 650 | 4 |
_aNiños con discapacidad _xEducación _91549 |
|
| 700 | 1 |
_aGore, Lilian Lucile, _ecoaut. _943083 |
|
| 700 | 1 |
_aLewis, Gertrude Minnie, _d1896-1996 _ecoaut. _943084 |
|
| 905 | _aLibro | ||
| 999 |
_c939 _d939 |
||